00683nam a2200193 a 450000100100000000500170001000800410002704000250006808200180009310000280011124500440013926000430018330000280022660000390025465000480029304900090034195201220035099900170047200002611720200930024321.0110301s1990 cu r 001 0 spa d aDO-SdBNPbspacBNPHU a928.31bW132r1 aWagner, Richard.95307010aRecuerdos de mi vida /cRichard Wagner. aLa Habana :bArte y Literatura,c1990. a430 p. :bil. ;c23 cm. 4aWAGNER, RICHARD,d1813-1883945739 4aCompositores italianosxBiografías953071 aBNGR 001054708MOaGRbGRcCTd2011-03-01iLF1l0o928.31 W132rp26117-10r2020-06-25w2020-06-25y4ZPréstamo en sala c25609d25609